猪实体解剖学图谱 (Бичлэгийн дугаар. 1155169)
[ энгийн харах ]
| 000 -Удирдлага | |
|---|---|
| Ном зүйн бүртгэл тоо буюу кодлох утгыг агуулсан | 01244nam a2200277 4500 |
| 003 - ХЯНАЛТЫН ТОО ТОДОРХОЙЛОГЧ | |
| Код | MN-UlNLM |
| 005 - ХАМГИЙН СҮҮЛИЙН ҮЕИЙН ХЭЛЦЛИЙН ОГНОО БА ЦАГ | |
| Тухайн бичилтийг бичсэн засварласан сүүлийн огноо. | 20250121170836.0 |
| 008 - ЕРӨНХИЙ МЭДЭЭЛЭЛ-ЭЛЕМЕНТҮҮДИЙН ӨГӨГДЛИЙН УРТ | |
| fixed length control field | 250121s2017 cc ||||| |||| 00| 0 chi d |
| 020 ## - ОЛОН УЛСЫН СТАНДАРТ НОМЫН ДУГААР-ISBN | |
| Олон Улсын Стандарт Номын Дугаар | 9787109225220 |
| 040 ## - ЭХ СУРВАЛЖИЙГ ТОДОРХОЙЛОН БИЧИХ | |
| Анхны каталогийн байгууллага | UB01000001 |
| Каталогийн хэл | Монгол |
| Бичлэг хийж нэвтрүүлэх байгууллага | MN-UlNLM |
| Өөрчлүүлэх байгууллага | MN-UlNLM |
| Бичиглэлийн тодорхойлолт | RDA |
| 041 0# - ХЭЛНИЙ КОД | |
| Текстийн хэлний код/фонограм буюу салангид гарчиг | Хятад |
| -- | Монгол бичиг |
| 043 ## - GEOGRAPHIC AREA CODE | |
| Geographic area code | a-cc--- |
| 084 ## - БУСАД АНГИЛЛЫН ДУГААР | |
| Ангиллын нэр | Номын сан номзүйн ангилал |
| 100 1# - ЗОХИОГЧИЙН ХЭСЭГ | |
| Зохиогчийн нэр | 熊本海等著 |
| Хүүрнэгчийн нөхцөлүүд | зохиогч |
| 245 1# - ҮНДСЭН ГАРЧИГ | |
| Гарчиг | 猪实体解剖学图谱 |
| Гарчигт хамааралтай мэдээ | 动物疫病防控出版工程二 |
| 246 1# - ЗЭРЭГЦЭЭ ГАРЧИГ | |
| Зэрэгцээ гарчиг | ᠭᠠᠬᠠᠢ ᠶ᠋ᠢᠨ ᠠᠨᠠᠲ᠋ᠤᠮᠢ ᠶ᠋ᠢᠨ ᠪᠣᠳᠠᠲᠤ ᠵᠢᠷᠤᠭ |
| Display text | хавтас дээр монгол бичгээр бичсэн |
| 264 1# - ГАРАЛТЫН МЭДЭЭ | |
| Бүтээгч, хэвлэгч, түгээгч, үйлдвэрлэгчийн нэр | 中国农业出版社 |
| Хэвлэгдсэн он | 2017 |
| 300 ## - ТООНЫ МЭДЭЭ | |
| Хуудасны тоо | 330 хуудастай |
| Бусад тоон мэдээлэл | анатомийн гэрэл зурагтай |
| Хэмжээ | 27 см |
| 504 ## - НОМЗҮЙН ТУХАЙ МЭДЭЭ | |
| Номзүйн тухай мэдээ | Индекстэй (Хуудас 295-329) Ном зүйтэй (330) |
| 505 ## - FORMATTED CONTENTS NOTE | |
| Title | 课题组组长 -- |
| -- | 课题组副组长 -- |
| -- | 课题组成员 |
| 650 #4 - Сэдэв | |
| Сэдэв | үхэрийн анатомийн зурагт толь |
| 650 #4 - Сэдэв | |
| Сэдэв | хятадын хөдөө аж ахуй |
| 880 1# - ALTERNATE GRAPHIC REPRESENTATION | |
| Linkage | 245-01(N |
| a | Zhū shítǐ jiěpōu xué túpǔ |
| b | Dòngwù yìbìng fáng kòng chūbǎn gōngchéng èr |
| 880 1# - ALTERNATE GRAPHIC REPRESENTATION | |
| Linkage | 264-02(N |
| b | 中国农业出版社 |
| c | 2017 |
| 942 ## - ЭЛЕМЕНТИЙН ТӨРӨЛ | |
| Анги | Номын сан номзүйн ангилал |
| Төрөл | Ном |
| Буцаан татагдсан төлөв | Хасагдсан шалтгаан | Гэмтсэн төлөв | Захиалах боломжгүй | Үндсэн номын сан | Одоогийн байршил | Бүртгэсэн огноо | Бүрдүүлэлтийн эх үүсвэр | Үнэ | Хамгийн сүүлд байсан огноо | Нийт уншлаганд гарсан тоо | Ангиллын нэр | Төрөл |
|---|---|---|---|---|---|---|---|---|---|---|---|---|
| Албан хэрэгцээнд | Ном бүрдүүлэх, боловсруулах, солилцох хэсэг | Ном бүрдүүлэх, боловсруулах, солилцох хэсэг | 2025-01-21 | Солилцоо | 10000.00 | 2025-01-21 | Номын сан номзүйн ангилал | Ном |